| 000 | 01119aam a2200325 i 4500 | ||
|---|---|---|---|
| 999 |
_c46336 _d46336 |
||
| 001 | 768714001 | ||
| 003 | CO-MdFUSB | ||
| 005 | 20200523203712.0 | ||
| 007 | ta | ||
| 008 | 200523t1914 enka|||| |||| 00| 0 eng d | ||
| 020 | _a[No incluye ISBN] | ||
| 040 |
_bspa. _aCO-MdFUSB _cCO-MdFUSB _dCO-MdFUSBC _erda |
||
| 041 | _aeng | ||
| 082 |
_223 _a229.913 _bB959 |
||
| 100 | 1 |
_aBurkitt, F. Crawford _eautor |
|
| 245 | 1 | 0 |
_aJewish and Christian apocalypses _c/ F. Crawford Burkitt |
| 264 | 1 |
_aLondres : _bOxford University Press, _c[1914] |
|
| 264 | 4 | _c© 1914 | |
| 300 |
_a80 páginas _c; 25 cm |
||
| 336 |
_atexto _btxt _2rdacontent |
||
| 337 |
_2rdamedia _asin mediación _bn |
||
| 338 |
_2rdacarrier _avolumen _bnc |
||
| 490 | _aThe Schweich lectures, | ||
| 505 | _aLa idea apocalíptica - El libro de Enoc - Los apocalipsis judíos menores - Escritura cristiana apocalíptica - Sobre el texto griego de Enoc - Sobre el martirio de Isaías - Sobre algunos otros tipos de apocalipsis | ||
| 563 | _aPasta dura | ||
| 630 | 0 | 7 |
_aBiblia. _pApocalipsis |
| 942 | _cBK | ||
| 945 | _aJTF-925 | ||